রাজশাহী জেলার আরকাইভস সমূহের নথিপত্রের সংগ্রহ, সংরক্ষণ, মূল্যায়ন ও প্রশাসনিক ব্যবস্থাপনা / (Record no. 75344)
[ view plain ]
| 000 -LEADER | |
|---|---|
| fixed length control field | 01809ntm a2200277 a 4500 |
| 001 - CONTROL NUMBER | |
| control field | 75344 |
| 003 - CONTROL NUMBER IDENTIFIER | |
| rucl marc code | BD-RjUL |
| 005 - DATE AND TIME OF LATEST TRANSACTION | |
| control field | 20211209082656.0 |
| 008 - FIXED-LENGTH DATA ELEMENTS--GENERAL INFORMATION | |
| fixed length control field | 190314s2008 bg a|||| mb|| 00| 0 ben d |
| 035 ## - SYSTEM CONTROL NUMBER | |
| System control number | (BD-RjUL)75562 |
| 040 ## - CATALOGING SOURCE | |
| Original cataloging agency | BD-RjUL |
| Language of cataloging | ben |
| Transcribing agency | BD-RjUL |
| Modifying agency | BD-RjUL |
| 041 ## - LANGUAGE CODE | |
| Language code of text/sound track or separate title | ben |
| 082 0# - DEWEY DECIMAL CLASSIFICATION NUMBER | |
| Edition number | 23 |
| Classification number | 027.054924 |
| Author mark and year | CHR 2008 |
| 100 1# - MAIN ENTRY--PERSONAL NAME | |
| Personal name | চৌধুরী, সাদেক রেজা |
| 9 (RLIN) | 229388 |
| 245 10 - TITLE STATEMENT | |
| Title | রাজশাহী জেলার আরকাইভস সমূহের নথিপত্রের সংগ্রহ, সংরক্ষণ, মূল্যায়ন ও প্রশাসনিক ব্যবস্থাপনা / |
| Statement of responsibility, etc. | সাদেক রেজা চৌধুরী ; |
| Linkage | তত্ত্বাবধায়ক : মো. মাহবুবর রহমান |
| 260 ## - PUBLICATION, DISTRIBUTION, ETC. (IMPRINT) | |
| Place of publication, distribution, etc. | রাজশাহী : |
| Name of publisher, distributor, etc. | ইতিহাস বিভাগ, রাজশাহী বিশ্ববিদ্যালয়, |
| Date of publication, distribution, etc. | ২০০৮ |
| 300 ## - PHYSICAL DESCRIPTION | |
| Pagination | xv, ৫৩৯ পাতা : |
| Illustrations | চিত্র ; |
| Size | ২৯ সেমি. |
| 502 ## - DISSERTATION NOTE | |
| Dissertation note | থিসিস (পিএইচ. ডি.) -- ইতিহাস বিভাগ, রাজশাহী বিশ্ববিদ্যালয়, ২০০৮. |
| 504 ## - BIBLIOGRAPHY, ETC. NOTE | |
| Bibliography, etc | গ্রন্থপঞ্জি : পাতা [৪১৭]-৪৩৮ |
| 650 ## - SUBJECT ADDED ENTRY--TOPICAL TERM | |
| Topical term or geographic name as entry element | আরকাইভস |
| General subdivision | ইতিহাস |
| Geographic subdivision | বাংলাদেশ |
| -- | রাজশাহী |
| 9 (RLIN) | 124512 |
| Topical term or geographic name as entry element | Archives |
| General subdivision | History |
| Geographic subdivision | Bangladesh |
| -- | Rajshahi |
| 9 (RLIN) | 229389 |
| Topical term or geographic name as entry element | আরকাইভস |
| Geographic subdivision | বাংলাদেশ |
| -- | রাজশাহী |
| General subdivision | প্রশাসন |
| 9 (RLIN) | 124512 |
| Topical term or geographic name as entry element | Archives |
| Geographic subdivision | Bangladesh |
| -- | Rajshahi |
| General subdivision | Administration. |
| 9 (RLIN) | 244282 |
| 700 ## - ADDED ENTRY--PERSONAL NAME | |
| Personal name | রহমান, মো. মাহবুবর, তত্ত্বাবধায়ক |
| 942 ## - ADDED ENTRY ELEMENTS (KOHA) | |
| Source of classification or shelving scheme | Dewey Decimal Classification |
| Koha item type | Theses |
| Lost status | Source of classification or shelving scheme | Damaged status | Not for loan | Collection code | Permanent Location | Current Location | Shelving location | Date acquired | Source of acquisition | Total Checkouts | Full call number | Date last seen | Copy number | Koha item type |
|---|---|---|---|---|---|---|---|---|---|---|---|---|---|---|
| Dewey Decimal Classification | Not For Loan | Theses | Central Library, University of Rajshahi | Central Library, University of Rajshahi | Documentation Section | 16/08/2009 | Controller of Examination Office, R. U. | BTHE 027.054924 CHR 2008 | 14/03/2019 | C-1 | Theses |